[Event "Politiken Cup"]
[Site "Helsingor DEN"]
[Date "2009.07.20"]
[Round "4"]
[White "Harstad,C"]
[Black "Ask,J"]
[Result "1-0"]
[WhiteElo "2052"]
[BlackElo "2191"]
[EventDate "2009.07.18"]

1. d4 Nf6 2. c4 g6 3. Nc3 Bg7 4. e4 d6 5. f3 O-O 6. Be3 Nc6 7. Qd2 a6 8.
Rc1 Re8 9. Nd1 e5 10. d5 Nd4 11. Ne2 c5 12. Nxd4 exd4 13. Bg5 h6 14. Bxf6
Bxf6 15. Bd3 Bd7 16. O-O a5 17. Nf2 Bg7 18. Rce1 a4 19. f4 Qa5 20. Qe2 Rab8
21. Qf3 b5 22. e5 bxc4 23. Bxc4 dxe5 24. fxe5 Bb5 25. Bxb5 Qxb5 26. Ng4 Rf8
27. Qf4 Kh7 28. Nf6+ Bxf6 29. Qxf6 c4 30. e6 Qxd5 31. e7 Rfe8 32. Re5 Qd7
33. Qxf7+ Kh8 34. Qxg6 Rxe7 35. Qxh6+ Kg8 36. Rg5+ Rg7 37. Rff5 Rxb2 38.
Rxg7+ Qxg7 39. Rg5 Rb1+ 40. Kf2 Rb2+ 41. Kf3 Rb7 42. Rxg7+ Rxg7 43. Qe6+
Rf7+ 44. Ke4 d3 45. Qc8+ Kg7 46. Qxc4 1-0

[Event "Politiken Cup"]
[Site "Helsingor DEN"]
[Date "2009.07.20"]
[Round "4"]
[White "Laursen,N1"]
[Black "Andersen,Ru2"]
[Result "1-0"]
[WhiteElo "2191"]
[BlackElo "2026"]
[EventDate "2009.07.18"]

1. e4 e6 2. d4 d5 3. Nc3 Nf6 4. e5 Nfd7 5. Nce2 c5 6. c3 Nc6 7. f4 cxd4 8.
cxd4 Qb6 9. Nf3 a5 10. Nc3 Bb4 11. a4 g5 12. fxg5 Ndxe5 13. Nxe5 Nxe5 14.
dxe5 d4 15. Bb5+ Kf8 16. O-O dxc3+ 17. Kh1 Qc7 18. Qh5 Qe7 19. g6 1-0

[Event "Politiken Cup"]
[Site "Helsingor DEN"]
[Date "2009.07.20"]
[Round "4"]
[White "Sinkbaek,A"]
[Black "Munk,Po"]
[Result "1/2-1/2"]
[WhiteElo "2186"]
[BlackElo "1996"]
[EventDate "2009.07.18"]

1. Nf3 Nf6 2. g3 g6 3. Bg2 Bg7 4. O-O O-O 5. c4 c5 6. Nc3 Nc6 7. d4 cxd4 8.
Nxd4 Nxd4 9. Qxd4 d6 10. Qd3 Rb8 11. b3 Qa5 12. Bd2 Qh5 13. Rad1 Bh3 14. f3
Bxg2 15. Kxg2 Qc5 16. Be3 Qa5 17. Bd4 Nd7 18. Bxg7 Kxg7 19. Qd2 Rfe8 20.
Nd5 Qxd2 21. Rxd2 Rbc8 22. e4 Kf8 23. Rfd1 Rc5 24. Ne3 Nf6 25. h3 h5 26.
Nd5 Nxd5 27. Rxd5 Rec8 28. h4 Rxd5 29. Rxd5 Rc6 30. Kf2 e6 31. Rd2 Ke7 32.
Ke3 Rc5 33. f4 b6 34. a3 1/2-1/2

[Event "Politiken Cup"]
[Site "Helsingor DEN"]
[Date "2009.07.20"]
[Round "4"]
[White "Hansen,ReR"]
[Black "Engelbert,C"]
[Result "0-1"]
[WhiteElo "1991"]
[BlackElo "2185"]
[EventDate "2009.07.18"]

1. d4 g6 2. Nf3 Bg7 3. g3 Nf6 4. Bg2 O-O 5. c4 d6 6. O-O c6 7. Nc3 Bf5 8.
Re1 Ne4 9. Nd2 Nxc3 10. bxc3 Qc8 11. Qb3 Na6 12. a4 Rb8 13. Qa3 c5 14. Bb2
Re8 15. Rac1 Qc7 16. e4 Bd7 17. d5 e5 18. Re2 Bh6 19. Rf1 Re7 20. Bc1 Rf8
21. f4 exf4 22. gxf4 f5 23. Ref2 Bg7 24. Re1 Qa5 25. Rfe2 Qxc3 26. Qxc3
Bxc3 27. exf5 Rxe2 28. Rxe2 gxf5 29. Nf3 Re8 30. Rxe8+ Bxe8 31. Bh3 Bxa4
32. Bxf5 Bb3 33. Bc8 Bxc4 34. Bxb7 Nb4 35. Ba3 Nxd5 36. f5 a5 37. Bc8 Bf6
38. Be6+ Kf8 39. Nd2 Ba2 40. Ne4 Ke7 41. Kh1 a4 42. Nxc5 dxc5 43. Bxc5+ Ke8
44. Kg2 Nf4+ 0-1

[Event "Politiken Cup"]
[Site "Helsingor DEN"]
[Date "2009.07.20"]
[Round "4"]
[White "Kaaber,J"]
[Black "Bryn,T"]
[Result "1-0"]
[WhiteElo "2184"]
[BlackElo "2024"]
[EventDate "2009.07.18"]

1. c4 c6 2. d4 d5 3. Nf3 Nf6 4. Nc3 dxc4 5. a4 Bf5 6. Ne5 Nbd7 7. Nxc4 Nb6
8. Ne5 a5 9. g3 e6 10. Bg2 Bb4 11. O-O O-O 12. Bg5 h6 13. Bxf6 Qxf6 14. Qb3
Rfd8 15. Rad1 Nd7 16. Nc4 e5 17. e3 exd4 18. exd4 Qg6 19. Ne3 Be6 20. d5
cxd5 21. Ncxd5 Kh7 22. Qc4 Nb6 23. Qb5 Nxd5 24. Nxd5 Bxd5 25. Rxd5 Qc2 26.
Qxb7 Qxb2 27. Qxf7 Qf6 28. Be4+ Kh8 29. Qxf6 gxf6 30. Rh5 Kg7 31. Bxa8 Rxa8
32. Rd1 Rc8 33. Rd7+ Kg6 34. g4 Rc4 35. h3 Bc5 36. Rdd5 Bb4 37. Kg2 Rc2 38.
Rhf5 Ra2 39. Rxa5 Bxa5 40. Rxa5 Ra3 41. f3 Ra2+ 42. Kg3 Ra3 43. Kf4 Ra1 44.
h4 Ra3 45. h5+ Kf7 46. Ke4 Ra1 47. Kf5 Rf1 48. Ra7+ Kf8 49. f4 Rf2 50. a5
1-0

[Event "Politiken Cup"]
[Site "Helsingor DEN"]
[Date "2009.07.20"]
[Round "4"]
[White "Kristinsson,Bj"]
[Black "Eriksson,C"]
[Result "0-1"]
[WhiteElo "1985"]
[BlackElo "2181"]
[EventDate "2009.07.18"]

1. e4 c5 2. c3 Nf6 3. e5 Nd5 4. d4 cxd4 5. Nf3 Nc6 6. cxd4 d6 7. Bc4 dxe5
8. dxe5 Nb6 9. Qxd8+ Nxd8 10. Bb3 Be6 11. Be3 Nd5 12. Bd2 Nb6 13. Be3 Nc4
14. Bd4 Nc6 15. Bc3 g6 16. Ng5 Bd5 17. Nd2 Bh6 18. Nxc4 Bxg5 19. e6 O-O 20.
exf7+ Bxf7 21. O-O b5 22. Na5 b4 23. Bxf7+ Kxf7 24. Nxc6 bxc3 25. bxc3 Bf6
26. Rac1 Rfc8 27. Nd4 Rc4 28. Ne2 Rac8 29. Rc2 e5 30. Rb1 R8c7 31. Kf1 e4
32. Nf4 Be5 33. Nd5 Rd7 34. Rd1 Rb7 35. Ke2 Ke6 36. h3 Rb5 37. Rcd2 Bxc3
38. Nc7+ Rxc7 39. Rd6+ Ke5 40. a4 Rbc5 41. Ke3 Ba5 42. f4+ exf3 43. gxf3
Rc3+ 44. Kf2 Bb6+ 45. Kg3 R7c5 46. Kg4 h5+ 47. Kg5 Rxf3 48. Kxg6 Rxh3 49.
Kf7 Rc7+ 50. Ke8 Rg3 51. R6d5+ Ke4 52. Kf8 Bc5+ 0-1

[Event "Politiken Cup"]
[Site "Helsingor DEN"]
[Date "2009.07.20"]
[Round "4"]
[White "Ramme,C"]
[Black "Wahlstrom,L"]
[Result "0-1"]
[WhiteElo "2048"]
[BlackElo "2179"]
[EventDate "2009.07.18"]

1. d4 d5 2. Nf3 c5 3. c3 e6 4. Bf4 Nc6 5. e3 Nf6 6. Bd3 Bd6 7. Bg3 O-O 8.
Nbd2 Bxg3 9. hxg3 Qd6 10. g4 cxd4 11. Nxd4 Ne5 12. Bc2 h6 13. Rh4 Ng6 14.
Rh3 Re8 15. Qe2 e5 16. Nb5 Qb6 17. O-O-O Bxg4 18. f3 Bxh3 19. gxh3 a6 20.
Na3 Rac8 21. Bb3 d4 0-1

[Event "Politiken Cup"]
[Site "Helsingor DEN"]
[Date "2009.07.20"]
[Round "4"]
[White "Wickstrom,L"]
[Black "Boje,T"]
[Result "1-0"]
[WhiteElo "2177"]
[BlackElo "2008"]
[EventDate "2009.07.18"]

1. d4 Nf6 2. c4 e6 3. Nf3 d5 4. Nc3 Nbd7 5. Bg5 Be7 6. e3 O-O 7. Qc2 a6 8.
cxd5 exd5 9. Bd3 c6 10. O-O Re8 11. Rae1 h6 12. Bf4 Nf8 13. Ne5 Nh5 14. Bg3
Nxg3 15. hxg3 Bd6 16. f4 f6 17. Ng6 Be6 18. Qf2 Bb4 19. Nxf8 Kxf8 20. Bg6
Bf7 21. Bb1 Qd7 22. Qc2 Bg8 23. a3 Bxc3 24. bxc3 Re7 25. Re2 Rae8 26. Rfe1
Qd6 27. a4 Qd7 28. a5 Qc7 29. g4 Re4 30. Qa2 R4e7 31. Qc2 Re4 32. Qd2 R4e7
33. Rf2 Qxa5 34. g5 Qc7 35. Rf3 Be6 36. Bg6 Bf7 37. Qd3 Re4 38. Bh7 R4e6
39. Bf5 Rd6 40. gxh6 gxh6 41. Rh3 h5 42. Kf2 Ke7 43. Bg6 Kd8 44. Rxh5 Rd7
45. Reh1 Rde7 46. Bxf7 Rxf7 47. Rh8 Qe7 48. R8h7 f5 49. R7h5 Kc7 50. R1h3
Qe4 51. Qxe4 dxe4 52. Rh7 Ree7 53. Rh8 Kb6 54. c4 c5 55. R3h6+ Ka5 56. dxc5
Rc7 57. c6 Rxc6 58. Rxc6 bxc6 59. Rb8 c5 60. g4 fxg4 61. Kg3 Rg7 62. f5 Ka4
63. f6 Ra7 64. Kxg4 a5 65. Kf5 Ka3 66. Kg6 a4 67. f7 Rxf7 68. Kxf7 Ka2 69.
Ke6 a3 70. Kd5 Ka1 71. Kxc5 a2 72. Ra8 1-0

[Event "Politiken Cup"]
[Site "Helsingor DEN"]
[Date "2009.07.20"]
[Round "4"]
[White "Justinussen,S"]
[Black "Molvig,H"]
[Result "0-1"]
[WhiteElo "1942"]
[BlackElo "2176"]
[EventDate "2009.07.18"]

1. e4 c5 2. Nf3 d6 3. c3 Nf6 4. Bd3 Nc6 5. Bc2 e5 6. d4 cxd4 7. cxd4 Bg4 8.
dxe5 dxe5 9. Qxd8+ Rxd8 10. Ba4 Nxe4 11. Nxe5 Bb4+ 12. Kf1 Bd7 13. Nxd7
Rxd7 14. Be3 O-O 15. g3 Rd6 16. f3 Nc5 17. Bxc6 Rxc6 18. Nc3 Bxc3 19. bxc3
Na4 20. Rc1 Rxc3 21. Ke2 Ra3 22. Bxa7 Rxa2+ 23. Ke3 Re8+ 24. Kf4 Nb2 25.
Rhe1 Nd3+ 0-1

[Event "Politiken Cup"]
[Site "Helsingor DEN"]
[Date "2009.07.20"]
[Round "4"]
[White "Gandrud,V"]
[Black "Johansen,J"]
[Result "1/2-1/2"]
[WhiteElo "2169"]
[BlackElo "1968"]
[EventDate "2009.07.18"]

1. d4 Nf6 2. c4 e6 3. Nf3 d5 4. g3 c6 5. Bg2 Nbd7 6. O-O Be7 7. Nbd2 O-O 8.
Qc2 Re8 9. b3 Nf8 10. Bb2 b6 11. e4 dxe4 12. Nxe4 Nxe4 13. Qxe4 Bb7 14. Ne5
Rc8 15. Rfd1 Qc7 16. Rac1 Ng6 17. Ng4 Bg5 18. f4 f5 19. Qe2 Bxf4 20. gxf4
Nxf4 21. Qf3 fxg4 22. Qxg4 Nxg2 23. Qxg2 Qe7 24. Rc3 c5 25. d5 exd5 26.
cxd5 Qe2 27. Qxe2 Rxe2 28. Bc1 Rf8 29. Rg3 Bxd5 30. Bh6 Rg2+ 31. Rxg2 Bxg2
32. Bxg7 Kxg7 33. Kxg2 a6 34. Kg3 Rf6 35. Rd2 h6 36. Kg4 Kg6 37. Rd5 Re6
38. Kf4 Kf6 39. Rd7 Re7 40. Rd6+ Re6 1/2-1/2

[Event "Politiken Cup"]
[Site "Helsingor DEN"]
[Date "2009.07.20"]
[Round "4"]
[White "Jorgensen,C"]
[Black "Nilsson,Anders1"]
[Result "1-0"]
[WhiteElo "2013"]
[BlackElo "2169"]
[EventDate "2009.07.18"]

1. d4 c5 2. d5 e5 3. c4 d6 4. Nc3 g6 5. e4 Bg7 6. Bd3 Ne7 7. Nge2 O-O 8.
O-O a6 9. Qc2 Nd7 10. Rb1 f5 11. f3 f4 12. b4 g5 13. bxc5 Nxc5 14. Na4 Nxa4
15. Qxa4 h5 16. Ba3 g4 17. c5 Ng6 18. cxd6 b5 19. Qc2 Rf7 20. Qc6 Bd7 21.
Qc5 Qg5 22. Qf2 Nh4 23. Kh1 Bf8 24. Rbc1 Rg7 25. g3 gxf3 26. Rg1 Bh3 27.
gxh4 Bg2+ 28. Rxg2 Qxg2+ 29. Qxg2 fxg2+ 30. Kg1 b4 31. Bxb4 Rb8 32. Ba3 f3
33. Ng3 Rg6 34. Nf5 Rc8 35. Ne7+ Bxe7 36. Rxc8+ Kh7 37. Rc1 Bxh4 38. Bc5
Rg4 39. Bf2 Bg5 40. Rc7+ Kg6 41. d7 h4 42. Rc8 1-0

[Event "Politiken Cup"]
[Site "Helsingor DEN"]
[Date "2009.07.20"]
[Round "4"]
[White "Eriksson,Mag2"]
[Black "Tandrup,M"]
[Result "1-0"]
[WhiteElo "2160"]
[BlackElo "1948"]
[EventDate "2009.07.18"]

1. d4 d5 2. c4 dxc4 3. e4 e5 4. Nf3 exd4 5. Bxc4 Bb4+ 6. Nbd2 Bxd2+ 7. Bxd2
Ne7 8. Ng5 O-O 9. Qh5 h6 10. Nxf7 Rxf7 11. Qxf7+ Kh8 12. Bg5 Nbc6 13. O-O-O
Ne5 14. Qxe7 Qxe7 15. Bxe7 Nxc4 16. Rxd4 Ne5 17. Rd8+ Kh7 18. Rhd1 Kg6 19.
Re8 Nc6 20. Ba3 a5 21. f4 b5 22. Bc5 b4 23. Rh8 a4 24. Bb6 cxb6 25. Rd6+
Kh5 26. Rxc6 Bb7 27. Rxa8 Bxc6 28. Rg8 Kg6 29. Rb8 Bxe4 30. Rxb6+ Kf5 31.
g3 Bd5 32. Rxb4 Bxa2 33. Rxa4 Bb3 34. Rb4 Bg8 35. Rb8 Bc4 36. Kc2 Kg4 37.
Rd8 Kh3 38. Kc3 Bf1 39. Rg8 Kxh2 40. Rxg7 1-0

[Event "Politiken Cup"]
[Site "Helsingor DEN"]
[Date "2009.07.20"]
[Round "4"]
[White "Jensen,Mi"]
[Black "Holst,C"]
[Result "1-0"]
[WhiteElo "2044"]
[BlackElo "2159"]
[EventDate "2009.07.18"]

1. e4 c5 2. Nf3 e6 3. d4 cxd4 4. c3 dxc3 5. Nxc3 d6 6. Bc4 a6 7. O-O Be7 8.
Qe2 Nc6 9. Rd1 Qc7 10. Bf4 Ne5 11. Bxe5 dxe5 12. Bb5+ Kf8 13. Rac1 Qb8 14.
Na4 b6 15. Rxc8+ Qxc8 16. Nxb6 Qb7 17. Nd7+ Ke8 18. Ba4 Qb4 19. Qc2 f6 20.
Nb6+ Kf7 21. Nxa8 Nh6 22. Nc7 Rc8 23. Bd7 Rb8 24. Bxe6+ Kf8 25. Bb3 Qa5 26.
Ne6+ Kf7 27. Nd8+ 1-0

[Event "Politiken Cup"]
[Site "Helsingor DEN"]
[Date "2009.07.20"]
[Round "4"]
[White "Vanman,K"]
[Black "Rasmussen,He2"]
[Result "1-0"]
[WhiteElo "2158"]
[BlackElo "1845"]
[EventDate "2009.07.18"]

1. Nf3 Nf6 2. g3 b6 3. Bg2 Bb7 4. d4 g6 5. c4 Bg7 6. O-O O-O 7. Nc3 d6 8.
Qc2 Nbd7 9. e4 e6 10. h3 Ne8 11. Be3 c5 12. Rfd1 Qc8 13. b3 a6 14. Rd2 f5
15. Rad1 Ndf6 16. exf5 exf5 17. d5 Nc7 18. Bf4 Qd8 19. Ng5 Re8 20. Ne6 Nxe6
21. dxe6 Bxg2 22. Rxd6 Qc8 23. Kxg2 Rxe6 24. Rxe6 Qxe6 25. Rd6 Qe7 26. Qd3
b5 27. Rxf6 Qxf6 28. Qd5+ 1-0

[Event "Politiken Cup"]
[Site "Helsingor DEN"]
[Date "2009.07.20"]
[Round "4"]
[White "Struch,T"]
[Black "Jonsson,Ol"]
[Result "1-0"]
[WhiteElo "2154"]
[BlackElo "1899"]
[EventDate "2009.07.18"]

1. e4 e5 2. Nf3 Nc6 3. Bb5 a6 4. Bxc6 dxc6 5. O-O f6 6. d4 Bg4 7. dxe5 Qxd1
8. Rxd1 Bxf3 9. gxf3 fxe5 10. Be3 Nf6 11. Nd2 Bd6 12. Nc4 O-O-O 13. Rd3
Rhe8 14. Rad1 Re6 15. Bg5 Be7 16. Rxd8+ Bxd8 17. Bh4 Nd7 18. Bg3 h6 19. Kf1
g5 20. Ke2 Be7 21. Rh1 Bf6 22. b3 b6 23. Ne3 Kd8 24. Nf5 Be7 25. h4 Rg6 26.
hxg5 Bxg5 27. Bh4 Ke8 28. Bxg5 hxg5 29. Rh7 g4 30. Re7+ Kd8 31. Rg7 gxf3+
32. Kxf3 Rxg7 33. Nxg7 Ke7 34. Kg4 Kf7 35. Nh5 Ke6 36. f4 exf4 37. Kxf4 c5
38. Ng7+ Kf7 39. Nf5 Ke6 40. Ne3 Nb8 41. Nd5 Kd7 42. Kf5 Nc6 43. e5 Nd4+
44. Kf6 b5 45. Nf4 Nxc2 46. e6+ Ke8 47. Nd5 Nb4 48. Nxc7+ Kd8 49. e7+ Kxc7
50. e8=Q Nxa2 51. Ke6 Nc1 52. Qe7+ Kb6 53. Qd8+ Kc6 54. Qd6+ Kb7 55. Qxc5
Nxb3 56. Qd5+ Kb6 57. Qxb3 Kc5 58. Qa3+ Kb6 59. Kd6 1-0

[Event "Politiken Cup"]
[Site "Helsingor DEN"]
[Date "2009.07.20"]
[Round "4"]
[White "Pallesen,Ja"]
[Black "Petersen,Stee1"]
[Result "1-0"]
[WhiteElo "2042"]
[BlackElo "2152"]
[EventDate "2009.07.18"]

1. d4 d5 2. Nf3 e6 3. c4 c6 4. e3 f5 5. Be2 Nf6 6. O-O Bd6 7. b3 Qe7 8. Bb2
O-O 9. Qc1 b6 10. Ba3 c5 11. cxd5 exd5 12. Nc3 Bd7 13. Rd1 Rc8 14. dxc5
Bxc5 15. Bb2 Bb4 16. Bd3 Nc6 17. Qb1 Ne5 18. Nxe5 Bxc3 19. Nxd7 Qxd7 20.
Bxf5 Qd6 21. Bxc8 Rxc8 22. Bxc3 Rxc3 23. Qb2 Qe5 24. Qd2 Rc6 25. Rac1 Rd6
26. Qd4 Qh5 27. Qf4 Rd7 28. f3 Qe8 29. Kf2 Qe7 30. Rc8+ Kf7 31. Rdc1 g5 32.
Qf5 h6 33. R1c6 1-0

[Event "Politiken Cup"]
[Site "Helsingor DEN"]
[Date "2009.07.20"]
[Round "4"]
[White "Jiretorn,E"]
[Black "Meier,L"]
[Result "1/2-1/2"]
[WhiteElo "2150"]
[BlackElo "1888"]
[EventDate "2009.07.18"]

1. d4 d5 2. c4 e6 3. Bf4 f5 4. Nc3 Nf6 5. e3 Bd6 6. Bxd6 Qxd6 7. c5 Qe7 8.
Bd3 O-O 9. Nge2 c6 10. O-O b6 11. b4 Bb7 12. Qc2 Nbd7 13. a4 a5 14. Rfb1
axb4 15. Rxb4 Ba6 16. Bxa6 Rxa6 17. Rab1 bxc5 18. dxc5 Nxc5 19. Nd4 Nfd7
20. Nce2 g6 21. Nc1 Rfa8 22. h3 e5 23. Nf3 Rxa4 24. Rxa4 Rxa4 25. Nd2 Ra6
26. Nd3 Nxd3 27. Qxd3 Ra3 28. Qc2 Qc5 29. Qb2 Ra7 30. Nf3 Qd6 31. Qb3 c5
32. Rd1 Nf6 33. g4 fxg4 34. hxg4 Rd7 35. g5 Ne4 36. Ra1 c4 37. Qb5 Rf7 38.
Ra6 Qd8 39. Qc6 Kg7 40. Ra8 Qd7 41. Qxd7 Rxd7 42. Nxe5 Re7 43. Nc6 Rc7 44.
Nd4 Nxg5 45. f4 c3 46. Ra1 c2 47. Rc1 Nh3+ 48. Kf1 Re7 49. Nxc2 Re4 50. Kg2
Nxf4+ 51. exf4 Rxf4 52. Rd1 Ra4 1/2-1/2

[Event "Politiken Cup"]
[Site "Helsingor DEN"]
[Date "2009.07.20"]
[Round "4"]
[White "Larsen,Fi"]
[Black "Petkovic,P"]
[Result "0-1"]
[WhiteElo "1799"]
[BlackElo "2149"]
[EventDate "2009.07.18"]

1. e4 c5 2. Nf3 d6 3. d4 cxd4 4. Nxd4 Nf6 5. Nc3 g6 6. Be2 Bg7 7. O-O O-O
8. Be3 Nc6 9. Nxc6 bxc6 10. Qd2 Rb8 11. Rab1 Qc7 12. f4 Rb4 13. Nd5 Nxd5
14. exd5 Rxb2 15. Rxb2 Bxb2 16. c3 Ba3 17. dxc6 Qxc6 18. Bxa7 Bf5 19. Bd1
Bc5+ 20. Bxc5 Qxc5+ 21. Kh1 Rc8 22. g4 Be4+ 23. Bf3 Qc6 24. Kg2 Ra8 25. Qb2
Qc4 26. Rf2 Bxf3+ 27. Kxf3 Rc8 28. Rc2 Qd3+ 29. Kf2 Rc4 0-1

[Event "Politiken Cup"]
[Site "Helsingor DEN"]
[Date "2009.07.20"]
[Round "4"]
[White "Nielsen,Las"]
[Black "Nielsen,Ni"]
[Result "0-1"]
[WhiteElo "2032"]
[BlackElo "2145"]
[EventDate "2009.07.18"]

1. e4 c5 2. Nf3 Nc6 3. d4 cxd4 4. Nxd4 g6 5. Nc3 Bg7 6. Be3 Nf6 7. Bc4 O-O
8. Bb3 Ne5 9. h3 d6 10. Qd2 a5 11. Bh6 Bxh6 12. Qxh6 a4 13. Bxa4 Rxa4 14.
Nxa4 Nxe4 15. O-O Qa5 16. b3 f5 17. Qe3 b5 18. Nb2 Bb7 19. Nd3 g5 20. Nxe5
dxe5 21. Nf3 f4 22. Qe1 Qc7 23. Qb4 Nc3 24. a4 Ne2+ 25. Kh1 Bxf3 26. gxf3
Nd4 27. c3 Nc2 28. Qxb5 Nxa1 29. Rxa1 Qxc3 30. Qd5+ Kg7 31. Rg1 h6 32. h4
Kf6 33. h5 e6 34. Qe4 Qxb3 35. Rb1 Qd5 36. Qg6+ Ke7 37. Kg2 e4 38. fxe4 f3+
39. Kh3 Qd4 40. Qh7+ Kd6 41. Rb5 Rf5 42. Rxf5 Qxe4 43. Kg3 Qxf5 44. Qxf5
exf5 45. Kxf3 Kc5 46. Ke3 Kb4 47. Kd4 f4 48. Ke4 Kxa4 49. Kf5 Kb4 50. Kg6
g4 51. Kxh6 g3 52. fxg3 fxg3 53. Kg7 g2 54. h6 g1=Q 55. Kh8 Qd4+ 56. Kg8
Qg4+ 57. Kh8 Qf5 0-1

[Event "Politiken Cup"]
[Site "Helsingor DEN"]
[Date "2009.07.20"]
[Round "4"]
[White "Flermoen,P"]
[Black "Hansen,MM"]
[Result "1-0"]
[WhiteElo "2027"]
[BlackElo "2144"]
[EventDate "2009.07.18"]

1. e4 c5 2. Nc3 Nc6 3. Nf3 d6 4. d4 cxd4 5. Nxd4 Nf6 6. f4 e6 7. Be2 a6 8.
Be3 Qc7 9. O-O Na5 10. a4 Be7 11. Nb3 O-O 12. Nxa5 Qxa5 13. Bf3 Nd7 14. Qd3
Qc7 15. a5 b5 16. axb6 Nxb6 17. f5 Nc4 18. Nb5 Qc6 19. Nd4 Qc7 20. Qc3 Bd8
21. Nb5 axb5 22. Rxa8 Nxe3 23. Qxe3 Qb7 24. Qa3 Bb6+ 25. Kh1 Bc5 26. Qa2 b4
27. Ra1 e5 28. Qc4 Qe7 29. c3 bxc3 30. b4 1-0

[Event "Politiken Cup"]
[Site "Helsingor DEN"]
[Date "2009.07.20"]
[Round "4"]
[White "Haubro,S"]
[Black "Frisvold,O"]
[Result "1-0"]
[WhiteElo "2144"]
[BlackElo "1827"]
[EventDate "2009.07.18"]

1. f4 c5 2. Nf3 Nc6 3. e3 g6 4. Be2 Bg7 5. O-O e6 6. d4 cxd4 7. exd4 Qb6 8.
c3 Nge7 9. Nbd2 O-O 10. Nc4 Qc7 11. Qe1 d5 12. Nce5 Nxe5 13. fxe5 Nc6 14.
Bg5 h6 15. Bf6 Bxf6 16. exf6 Qf4 17. Ne5 Qe3+ 18. Qf2 Qxf2+ 19. Kxf2 Nxe5
20. dxe5 Bd7 21. Ke3 b5 22. a3 a5 23. Rf4 Rab8 24. Rh4 Kh7 25. Rd1 Rfc8 26.
Rdd4 Rh8 27. Bd3 Rb7 28. Rh3 Kg8 29. Rdh4 Bc6 30. Kd4 b4 31. cxb4 axb4 32.
axb4 Rxb4+ 33. Kc5 Rxh4 34. Rxh4 Ba8 35. Ra4 Kh7 36. Ra7 Rb8 37. Rxf7+ Kg8
38. Rg7+ Kf8 39. b4 Rc8+ 40. Kd4 Rc1 41. Rxg6 Rd1 42. b5 Kf7 43. Rg7+ Kf8
44. Ra7 h5 45. Rxa8+ Kf7 46. Ra7+ Kf8 47. b6 Ra1 48. Rxa1 h4 49. Ra8+ Kf7
50. Ra7+ Kf8 51. b7 1-0

[Event "Politiken Cup"]
[Site "Helsingor DEN"]
[Date "2009.07.20"]
[Round "4"]
[White "Arvola,B"]
[Black "Jensen,I"]
[Result "1-0"]
[WhiteElo "2144"]
[BlackElo "1986"]
[EventDate "2009.07.18"]

1. e4 Nc6 2. Nf3 d5 3. exd5 Qxd5 4. Nc3 Qa5 5. d4 Bg4 6. Bb5 e6 7. h3 Bxf3
8. Qxf3 Nge7 9. Be3 a6 10. Ba4 O-O-O 11. Qxf7 Nxd4 12. Bxd4 Rxd4 13. Qe8+
Rd8 14. Bd7+ 1-0

[Event "Politiken Cup"]
[Site "Helsingor DEN"]
[Date "2009.07.20"]
[Round "4"]
[White "Nisbet,A2"]
[Black "Korley,K"]
[Result "0-1"]
[WhiteElo "1982"]
[BlackElo "2143"]
[EventDate "2009.07.18"]

1. d4 Nf6 2. Nf3 d5 3. Bf4 c5 4. c3 Qb6 5. Qc2 g6 6. e3 Bf5 7. dxc5 Qxc5 8.
Bd3 Bxd3 9. Qxd3 Bg7 10. Nbd2 O-O 11. O-O Qb6 12. Rab1 Nbd7 13. h3 Nc5 14.
Qc2 Rac8 15. Rfc1 Nfd7 16. Bg3 Na4 17. Nb3 e5 18. e4 dxe4 19. Qxe4 Ndc5 20.
Nxc5 Nxc5 21. Qc2 e4 22. Ne1 f5 23. Bf4 Ne6 24. Be3 Qc6 25. Qb3 a6 26. Nc2
Kh8 27. Nd4 Nxd4 28. Bxd4 Bxd4 29. cxd4 Qxc1+ 30. Rxc1 Rxc1+ 31. Kh2 Rc7
32. d5 Kg7 33. Qg3 Rd7 34. Qe5+ Rf6 35. h4 Kf7 36. Qf4 Rfd6 37. h5 Rxd5 38.
h6 Kf6 39. Qb8 Kg5 40. Qf8 R5d6 41. a4 Rf6 42. Qc8 Rff7 43. Qc1+ f4 44. Qc4
Rde7 45. Qc5+ Kxh6 46. Qd4 e3 47. fxe3 fxe3 0-1

[Event "Politiken Cup"]
[Site "Helsingor DEN"]
[Date "2009.07.20"]
[Round "4"]
[White "Schou Moldt,T"]
[Black "Henrichsen,J"]
[Result "1/2-1/2"]
[WhiteElo "2142"]
[BlackElo "1963"]
[EventDate "2009.07.18"]

1. e4 c5 2. Nf3 d6 3. c3 Nf6 4. g3 Nc6 5. d3 g6 6. Bg2 Bg7 7. O-O O-O 8.
Qe2 Rb8 9. a4 b6 10. Nbd2 a6 11. Ne1 e5 12. Nc4 b5 13. axb5 axb5 14. Ne3 b4
15. N1c2 bxc3 16. bxc3 Rb3 17. Bd2 Ne7 18. Qd1 Rb8 19. Bc1 d5 20. Ba3 dxe4
21. Bxc5 exd3 22. Nb4 e4 23. Bxe7 Qxe7 24. Nc6 Qc7 25. Nxb8 Qxb8 26. Qa4
Bd7 27. Qa5 Rc8 28. Rab1 Qa8 29. Qxa8 Rxa8 30. Rb7 Be6 31. c4 Rc8 32. Rfb1
Bf8 33. Rb8 Rxb8 34. Rxb8 Kg7 35. Rb5 Bd7 36. Rb1 Bc5 37. h3 Ba4 38. Nd1
Bc2 39. Rc1 Ba3 40. Ra1 Bc5 41. Kf1 Bd4 42. Rc1 Bc5 43. Ke1 Ba3 44. Ra1
Bb4+ 45. Kf1 Bc5 46. Ke1 1/2-1/2

[Event "Politiken Cup"]
[Site "Helsingor DEN"]
[Date "2009.07.20"]
[Round "4"]
[White "Sorensen,JohnK"]
[Black "Kragh,N"]
[Result "0-1"]
[WhiteElo "1857"]
[BlackElo "2140"]
[EventDate "2009.07.18"]

1. d4 d5 2. c4 dxc4 3. Nc3 a6 4. a4 e5 5. dxe5 Qxd1+ 6. Nxd1 Nc6 7. Bd2
Nxe5 8. f4 Nc6 9. e4 f5 10. e5 Be6 11. Rc1 b5 12. Nf3 h6 13. g3 Bd5 14. Bg2
O-O-O 15. axb5 axb5 16. Ne3 Be4 17. Nxc4 bxc4 18. Rxc4 Nge7 19. Bc3 Kb7 20.
Nh4 Bxg2 21. Nxg2 Nd5 22. Ra4 Bc5 23. Ke2 Ra8 24. Rha1 Rxa4 25. Rxa4 Rd8
26. Nh4 Nb6 27. Ra1 Ne7 28. b4 Nbd5 29. bxc5 Nxc3+ 30. Ke3 g6 31. c6+ Kb6
32. Rc1 Ne4 33. g4 Nc5 34. gxf5 Nxf5+ 35. Nxf5 gxf5 36. Rg1 Kxc6 37. Rg6+
Kd5 38. Rxh6 Ne6 39. Rh5 Rf8 40. Rh7 c5 41. Rd7+ Kc4 42. Rd6 Nd4 43. h4 Rh8
44. e6 Re8 45. h5 Rxe6+ 46. Rxe6 Nxe6 0-1

[Event "Politiken Cup"]
[Site "Helsingor DEN"]
[Date "2009.07.20"]
[Round "4"]
[White "Tari,A"]
[Black "Brondum,E"]
[Result "0-1"]
[WhiteElo "1901"]
[BlackElo "2122"]
[EventDate "2009.07.18"]

1. e4 g6 2. d4 Bg7 3. Nc3 d6 4. Be3 a6 5. Bc4 b5 6. Bb3 Bb7 7. f3 Nd7 8.
Nge2 e6 9. O-O Ngf6 10. Qd2 O-O 11. Rad1 c5 12. a4 c4 13. Ba2 d5 14. e5 Ne8
15. Bg5 Qb6 16. a5 Qxa5 17. Ra1 Qb6 18. Be7 Bxe5 19. Bxf8 Kxf8 20. Kh1 Bg7
21. b3 Nd6 22. bxc4 dxc4 23. Rad1 Nf6 24. Ng3 Rd8 25. Qe3 Kg8 26. Nce4 Nd5
27. Qd2 Nf5 28. Nxf5 exf5 29. Ng3 f4 30. Ne2 Ne3 31. c3 Nxf1 32. Rxf1 g5
33. Qb2 Bd5 34. Bb1 Re8 35. Qc2 Qg6 36. Qa2 Qe6 37. Ng1 h6 38. Qc2 a5 39.
Rf2 Qe1 40. Ba2 b4 41. Re2 Rxe2 42. Qxe2 Qxe2 43. Nxe2 b3 44. Bb1 a4 45.
Kg1 Bf8 46. Kf2 Ba3 47. Ke1 Bb2 0-1

[Event "Politiken Cup"]
[Site "Helsingor DEN"]
[Date "2009.07.20"]
[Round "4"]
[White "Larsen,Han"]
[Black "Ochsner,B"]
[Result "0-1"]
[WhiteElo "1844"]
[BlackElo "2119"]
[EventDate "2009.07.18"]

1. e4 c5 2. d4 cxd4 3. c3 Nf6 4. e5 Nd5 5. cxd4 d6 6. f4 e6 7. Nf3 Nc6 8.
Bc4 dxe5 9. fxe5 Bb4+ 10. Bd2 Ne3 11. Qb3 Nxg2+ 12. Kf2 Bxd2 13. Kxg2 Bf4
14. Rd1 O-O 15. Qd3 Na5 16. b3 f6 17. Nc3 fxe5 18. dxe5 Qxd3 19. Bxd3 Nc6
20. Re1 g5 21. Rad1 g4 22. Ng1 Bxe5 23. Ne4 b6 24. Bc4 Na5 25. Nd6 Nxc4 26.
Nxc8 Raxc8 27. bxc4 Bf6 28. Re4 h5 29. Ne2 Rcd8 30. Rxd8 Rxd8 31. Nf4 Rd2+
32. Kg3 h4+ 33. Kxg4 Rxh2 34. Nxe6 Rxa2 35. c5 bxc5 36. Nxc5 a5 37. Ne6 Kf7
38. Ng5+ Bxg5 39. Kxg5 h3 40. Rh4 h2 41. Kf5 Rf2+ 42. Ke5 a4 0-1

[Event "Politiken Cup"]
[Site "Helsingor DEN"]
[Date "2009.07.20"]
[Round "4"]
[White "Rhee,A"]
[Black "Hansen,I"]
[Result "1-0"]
[WhiteElo "2116"]
[BlackElo "1943"]
[EventDate "2009.07.18"]

1. d4 Nf6 2. Nf3 g6 3. Bf4 Bg7 4. e3 d6 5. h3 c6 6. Nbd2 Bf5 7. Be2 a5 8.
a4 O-O 9. O-O Na6 10. Nc4 Nb4 11. c3 Nbd5 12. Bh2 Rb8 13. g4 Bc8 14. Nfd2
b5 15. axb5 Rxb5 16. e4 Rxb2 17. exd5 Nxd5 18. Ra3 Rb5 19. Qa1 Bh6 20. Rd1
Nf4 21. Bf1 f5 22. Ne3 fxg4 23. hxg4 Rg5 24. Ne4 Rxg4+ 25. Nxg4 Bxg4 26. c4
Qd7 27. Rdd3 Nxd3 28. Rxd3 Bf5 29. Bg2 Qe6 30. d5 cxd5 31. cxd5 Qc8 32. Rc3
Qb7 33. Ra3 Rc8 34. f4 Bg7 35. Qe1 Qb2 36. Rd3 Rc1 37. Rd1 Rc2 38. Nf2 Bd4
39. Bg3 Re2 40. Qf1 Qc2 41. Rxd4 1-0